The Concise encyclopedia of archaeology :

محفوظ في:

المؤلف الرئيسي: Cottrell, Leonard, ed.

التنسيق: كتاب

اللغة: Undetermined

منشور في: New York : Hawthorn Books, 1960.

الموضوعات:

الوسوم: إضافة وسم

لا توجد وسوم, كن أول من يضع وسما على هذه التسجيلة!

رقم الطلب: (Ref.) CC70 .C6

LEADER 00586nam a2200157Ia 4500
008 220712s9999||||xx |||||||||||||| ||und||
050 4 |a (Ref.) CC70 .C6 
100 1 |a Cottrell, Leonard, ed. 
245 1 4 |a The Concise encyclopedia of archaeology : 
264 1 |a New York :  |b Hawthorn Books,  |c 1960. 
300 |a 512p. :  |b illus. (part col.) ports, maps ;  |c 26cm. 
504 |a Bibliography. 
555 4 |o (Ref.) CC70 .C6 
650 4 |a Archaeology Dictionaries. 
952 |0 0  |1 0  |2 lcc  |4 0  |7 1  |9 41795  |a ARCE  |b ARCE  |d 2022-07-21  |l 0  |o (Ref.) CC70 .C6  |p 1033441  |r 2022-07-21 00:00:00  |w 2022-07-21  |y BK 
999 |c 48774  |d 48774